ABBA songs - Statistics

General Stats
  • This quiz has been taken 511 times
  • The average score is 39 of 97
Answer Stats
Answer % Correct
Dancing Queen
85%
Waterloo
84%
Mamma Mia
82%
Fernando
81%
Gimme! Gimme! Gimme! (A Man After Midnight)
77%
Does Your Mother Know
74%
Chiquitita
73%
Lay All Your Love On Me
68%
Knowing Me, Knowing You
66%
Money, Money, Money
66%
Voulez-Vous
66%
The Winner Takes It All
65%
Angeleyes
63%
Ring, Ring
63%
SOS
63%
Arrival
59%
Eagle
58%
Super Trouper
58%
Take A Chance On Me
58%
Thank You For The Music
58%
Happy New Year
57%
Andante, Andante
56%
I Do, I Do, I Do, I Do, I Do
55%
I Have A Dream
55%
Hasta Mañana
54%
Honey, Honey
54%
When I Kissed The Teacher
54%
Bang-A-Boomerang
50%
As Good As New
48%
Dum Dum Diddle
47%
Our Last Summer
46%
Slipping Through My Fingers
46%
Cassandra
45%
My Love, My Life
45%
The Name Of The Game
45%
Another Town, Another Train
44%
I've Been Waiting For You
44%
Dance (While The Music Still Goes On)
43%
Happy Hawaii
43%
When All Is Said And Done
42%
Why Did It Have To Be Me
42%
Nina, Pretty Ballerina
41%
Elaine
40%
Hey, Hey Helen
40%
I Wonder (Departure)
40%
One Of Us
40%
So Long
39%
King Kong Song
38%
That's Me
38%
Tiger
38%
The Visitors
37%
Crazy World
36%
Head Over Heels
36%
Disillusion
35%
The Day Before You Came
35%
He Is Your Brother
34%
I'm A Marionette
34%
Move On
34%
On And On And On
34%
Intermezzo No. 1
33%
Lovelight
33%
My Mama Said
33%
The Piper
33%
Under Attack
32%
Hole In Your Soul
31%
Kisses Of Fire
31%
Soldiers
31%
I Let The Music Speak
30%
Me And Bobby And Bobby's Brother
30%
Summer Night City
30%
Like An Angel Passing Through My Room
27%
Watch Out
27%
Gonna Sing You My Lovesong
26%
People Need Love
26%
One Man, One Woman
25%
I Am The City
24%
If It Wasn't For The Nights
24%
Sitting In The Palmtree
24%
Me And I
23%
Rock Me
23%
You Owe Me One
23%
I Am Just A Girl
21%
I Saw It In The Mirror
21%
Lovers (Live A Little Longer)
21%
The King Has Lost His Crown
21%
Tropical Loveland
21%
What About Livingstone
20%
Dream World
19%
Put On Your White Sombrero
19%
Man In The Middle
17%
Suzy-Hang-Around
17%
Love Isn't Easy (But It Sure Is Hard Enough)
16%
Medley: Pick A Bale Of Cotton/On Top Of Old Smokey/Midnight Special
13%
Two For The Price Of One
13%
Santa Rosa
12%
Rock 'N Roll Band
11%
Should I Laugh Or Cry
11%
No matching quizzes found
Score Distribution
Percent of People with Each Score
Percentile by Number Answered
Your Score History
You have not taken this quiz